Voltron Characters - Statistics

General Stats
  • This quiz has been taken 380 times
  • The average score is 9 of 11
Answer Stats
Hint Answer % Correct
Goofy, outgoing Lance
99%
Likes to bake Hunk
98%
Likes knifes, BoM boi Keith
98%
Gremlin nerd Pidge
97%
Princess Allura
94%
Is the head (Is also 6 years old) Shiro
93%
Gremlin nerd's brother Matt
82%
Purple bad boi Lotor
74%
6 year old's ex fiance Adam
63%
6 year old's husband Curtis
45%
Makes 6 yo angry Slav
27%
No matching quizzes found
Score Distribution
Percent of People with Each Score
Percentile by Number Answered
Your Score History
You have not taken this quiz